Ujian Allah

Bibliographic Details
Main Author: Syalabiy, Saad Ismail
Other Authors: Abd. Rahman Ahmad (penterjemah)
Format: Book
Published: Cairo : Dar Al-FIkir Al-Arabi , 1993
Series:Siri pendidikan Al Quran untuk kanak-kanak
Subjects:

MARC

LEADER 00000cam a2200000 7i4500
001 0000006653
002 000007175
005 20000330.0
020 |a 9836233334 
090 0 0 |a 297.122   |b SYA 
100 1 |a Syalabiy, Saad Ismail 
245 1 0 |a Ujian Allah   |c Saad Ismail Syalabiy ; penterjemah Abd. Rahman Ahmad 
260 |a Cairo :   |b Dar Al-FIkir Al-Arabi ,   |c 1993 
300 |a 31p. :   |b ill. ;   |c 23cm. 
490 0 |a Siri pendidikan Al Quran untuk kanak-kanak 
650 0 0 |a Islamic stories, Malay 
700 1 |a Abd. Rahman Ahmad ,   |e penterjemah 
999 |a 039919   |b BUKU   |c PINJAMAN   |e PERPUSTAKAAN KOMUNITI PETALING JAYA 
999 |a 039920   |b BUKU   |c PINJAMAN   |e PERPUSTAKAAN KOMUNITI PETALING JAYA 
999 |a 054744   |b BUKU   |c JUNIOR BOOKS   |e PERPUSTAKAAN KOMUNITI CAW KOTA DAMANSARA